[Event "CHN-chT"]
[Site "Liaocheng"]
[Date "2021.10.27"]
[Round "8.3"]
[White "Liu, Mide"]
[Black "Xu, Kaichen"]
[Result "1-0"]
[WhiteElo "1966"]
[BlackElo "1620"]
[PlyCount "75"]
[EventDate "2021.10.20"]
[EventType "team-swiss"]
[EventRounds "9"]
[EventCountry "CHN"]
[SourceTitle "CBM 204 Extra"]
[Source "ChessBase"]
[SourceDate "2021.11.30"]
[SourceVersion "1"]
[SourceVersionDate "2021.11.30"]
[SourceQuality "1"]
[WhiteTeam "Qingdao"]
[BlackTeam "Ningbo"]
[WhiteTeamCountry "CHN"]
[BlackTeamCountry "CHN"]

1. e4 e6 2. d4 d5 3. Nc3 Nf6 4. e5 Nfd7 5. f4 c5 6. Nf3 Nc6 7. Be3 Qb6 8. Na4 Qa5+ 9. c3 cxd4 10. b4 Nxb4 11. cxb4 Bxb4+ 12. Bd2 Bxd2+ 13. Nxd2 b6 14. Bd3 Nc5 15. Nxc5 bxc5 16. 0-0 h6 17. Rc1 Qb6 18. Qa4+ Bd7 19. Qa3 Rc8 20. Rb1 Qd8 21. Ba6 Rc6 22. Bb5 Rc7 23. Bxd7+ Qxd7 24. Rb8+ Rc8 25. Rxc8+ Qxc8 26. Nb3 0-0 27. Qxc5 Qa6 28. Nxd4 Rc8 29. Qb4 Qxa2 30. f5 a5 31. Qb7 Qc4 32. fxe6 Qxd4+ 33. Kh1 Rf8 34. e7 f5 35. exf8Q+ Kxf8 36. e6 Kg8 37. Qf7+ Kh8 38. e7 1-0

[Event "CHN-chT"]
[Site "Liaocheng"]
[Date "2021.10.24"]
[Round "5.3"]
[White "Liu, Mide"]
[Black "Chen, Yuan1111"]
[Result "1/2-1/2"]
[WhiteElo "1966"]
[BlackElo "2150"]
[PlyCount "86"]
[EventDate "2021.10.20"]
[EventType "team-swiss"]
[EventRounds "9"]
[EventCountry "CHN"]
[SourceTitle "CBM 204 Extra"]
[Source "ChessBase"]
[SourceDate "2021.11.30"]
[SourceVersion "1"]
[SourceVersionDate "2021.11.30"]
[SourceQuality "1"]
[WhiteTeam "Qingdao"]
[BlackTeam "Zhejiang"]
[WhiteTeamCountry "CHN"]
[BlackTeamCountry "CHN"]

1. e4 c5 2. Nf3 e6 3. d4 cxd4 4. Nxd4 a6 5. Bd3 Bc5 6. Nb3 Ba7 7. Qg4 Nf6 8. Qe2 d6 9. 0-0 0-0 10. Be3 Nc6 11. Bxa7 Rxa7 12. Nc3 b5 13. a3 e5 14. h3 Qb6 15. Qe3 Qxe3 16. fxe3 Be6 17. Rfd1 Rc8 18. Rd2 Nd8 19. Na5 Nc6 20. Nxc6 Rxc6 21. Nd5 Bxd5 22. exd5 Rcc7 23. e4 Nd7 24. Kf2 Nb6 25. g4 Rc5 26. Ke3 a5 27. c3 h6 28. Rc2 Rac7 29. Rac1 a4 30. Rb1 Kf8 31. Kd2 Ke7 32. b3 axb3 33. Rxb3 Nc4+ 34. Bxc4 Rxc4 35. Kd3 Ra4 36. Ra2 Ra5 37. Rab2 Rc5 38. Rc2 g6 39. Rf2 Ra8 40. Rfb2 Rac8 41. Rf2 Ra8 42. Rfb2 Rac8 43. Rf2 Ra8 1/2-1/2

[Event "Kiel op 31st"]
[Site "Kiel"]
[Date "2018.08.03"]
[Round "9"]
[White "Hoffmann, Joachim"]
[Black "Liu, Mide"]
[Result "1/2-1/2"]
[WhiteElo "1911"]
[BlackElo "1655"]
[PlyCount "81"]
[EventDate "2018.07.28"]
[EventType "swiss"]
[EventRounds "9"]
[EventCountry "GER"]
[SourceTitle "CBM 185 Extra"]
[Source "ChessBase"]
[SourceDate "2018.07.29"]
[SourceVersion "1"]
[SourceVersionDate "2018.07.29"]
[SourceQuality "1"]

1. e4 c5 2. d4 cxd4 3. c3 dxc3 4. Nxc3 Nc6 5. Nf3 e6 6. Bc4 a6 7. a4 Nge7 8. 0-0 Ng6 9. Qe2 Bb4 10. Be3 0-0 11. Bb3 b6 12. Nd2 Bc5 13. Rfd1 Nd4 14. Bxd4 Bxd4 15. Nf3 Bxc3 16. bxc3 Qc7 17. Qe3 Bb7 18. h4 h5 19. Rac1 Qf4 20. Re1 Qxe3 21. Rxe3 Kh8 22. g3 f5 23. exf5 Rxf5 24. Nd4 Rc5 25. Bd1 Rac8 26. f4 b5 27. axb5 axb5 28. Nb3 R5c7 29. Bxh5 Ne7 30. Be2 Nd5 31. Re5 Rxc3 32. Rxc3 Rxc3 33. Nd4 Rxg3+ 34. Kh2 Re3 35. Bxb5 Rxe5 36. fxe5 Bc8 37. Kg3 Kg8 38. Nb3 Kf8 39. Nc5 Nb6 40. Ne4 Bb7 41. Nc5 1/2-1/2